000 01418nam a22001697a 4500
999 _c210788
_d210788
005 20220208120410.0
008 220208b ||||| |||| 00| 0 eng d
020 _a9780198769255
082 _a363.20941 BOW
100 _aBowling Benjamin
245 _aThe Politics of the Police
505 _aTable of Contents PART I: Policing: Theory and Research; 1:Watching the watchers: theory and research in policing studies; 2:Theories and models of police and policing; PART II: History; 3:Out of the blue: the establishment and diffusion of the modern police from the French Revolution to the 20th century; 4:Learning the blues: the establishment and legitimation of professional policing in Britain 1829-2018; PART III: Social Research on Contemporary Policing Practice and Imagery; 5:The police role, function and effects; 6: A fair cop? Policing and social justice; 7:Below, beyond and above the police pluralisation of policing; 8:Cop cultures; 9:The politics of global policing; 10:Mass media technology and police cultural imaginaries; PART IV: Law and Politics; 11:Police powers and accountability; Conclusion:Histories of the future
600 _aReiner Robert & Sheptycki James
650 _aPolice - Plitical Activity - Government Policy - U K
856 _uhttps://www.google.co.in/books/edition/The_Politics_of_the_Police/qiCWDwAAQBAJ?hl=en&gbpv=1&printsec=frontcover
942 _2ddc
_cBK